000 01130cam a2200301 a 4500
001 1107912
003 OSt
005 20260225104226.0
008 930824s1994 nyua b 001 0 eng
010 _a 93034415
020 _a0471585513
040 _aDLC
_cDLC
_dDLC
082 0 0 _a537 RAM 1993
_220
100 1 _aRamo, Simon; Whinnery, John R.; Van Duzer, Theodore.
_913804
245 1 0 _aFields and Waves in Communication Electronics
250 _a3rd ed.
260 _aNew York :
_bWiley,
_c1994.
300 _axix, 844 p. :
_bill. ;
_c24 cm.
504 _aIncludes bibliographical references and index.
650 0 _aElectromagnetic fields.
_97969
650 0 _aElectromagnetic waves.
_97970
650 0 _aTelecommunication.
_913805
856 4 2 _3Publisher description
_uhttp://www.loc.gov/catdir/description/wiley032/93034415.html
856 4 _3Table of Contents
_uhttp://www.loc.gov/catdir/toc/onix03/93034415.html
906 _a7
_bcbc
_corignew
_d1
_eocip
_f19
_gy-gencatlg
942 _2ddc
_cO_SHELF
999 _c6721
_d6721